The integral nature of things : (Record no. 76527)

MARC details
000 -LEADER
fixed length control field 00724nam a22002177a 4500
005 - DATE AND TIME OF LATEST TRANSACTION
control field 20140813120543.0
010 ## - LCCN (DPL NO)
LC control number ENG-107575
020 ## - INTERNATIONAL STANDARD BOOK NUMBER
International Standard Book Number 9780415831383
Terms of availability 495.00
035 ## - SYSTEM CONTROL NUMBER
System control number EN-91108
035 ## - SYSTEM CONTROL NUMBER
System control number B-538680-686
037 ## - SOURCE OF ACQUISITION
Source of stock number/acquisition DBAD/PUB
037 ## - SOURCE OF ACQUISITION
Source of stock number/acquisition KKP/Ven
Stock number dpl
082 ## - DEWEY DECIMAL CLASSIFICATION NUMBER
Classification number 901
100 ## - MAIN ENTRY--PERSONAL NAME
Personal name Mani, Lata
245 ## - TITLE STATEMENT
Title The integral nature of things :
Statement of responsibility, etc by Lata Mani
Remainder of title critical reflection on the present /
260 ## - PUBLICATION, DISTRIBUTION, ETC. (IMPRINT)
Place of publication, distribution, etc New Delhi
Name of publisher, distributor, etc Routledge
Date of publication, distribution, etc 2013
270 ## - ADDRESS
Address 912, Tolstoy House, 15-17 Tolstoy Marg, Connaught Place
City New Delhi
Postal code 110001
300 ## - PHYSICAL DESCRIPTION
Extent 240p.
Dimensions 23cm(pbk)
942 ## - ADDED ENTRY ELEMENTS (KOHA)
Source of classification or shelving scheme Dewey Decimal Classification
Item type English Books
Call number suffix MAN
Classification part 901
Holdings
Withdrawn status Lost status Not for loan Collection code Home library Current library Date acquired Source of acquisition Cost, normal purchase price Full call number Barcode Copy number Cost, replacement price Koha item type
      Non-fiction Central Library Central Library 13/08/2014 KKP/BL4/12.5.2014/146/25.3.2014/17.7.2014 495.00 901 MAN B-538680 1 495.00 English Books
    Not For Loan Non-fiction D.B.Act.Division D.B.Act.Division 10/06/2013 DBAD / PUB 495.00 MAN EN-91108 1 495.00 English Books
  Written-off vide DLB M. No. 383 dt 16.05.19   Non-fiction Karol Bagh Karol Bagh 13/08/2014 KKP/BL4/12.5.2014/146/25.3.2014/17.7.2014 495.00 901 MAN B-538685 1 495.00 English Books
      Non-fiction Mobile Library Mobile Library 13/08/2014 KKP/BL4/12.5.2014/146/25.3.2014/17.7.2014 495.00 901 MAN B-538681 2 495.00 English Books
      Non-fiction Mobile Library Mobile Library 13/08/2014 KKP/BL4/12.5.2014/146/25.3.2014/17.7.2014 495.00 901 MAN B-538682 2 495.00 English Books
      Non-fiction Patel Nagar Patel Nagar 13/08/2014 KKP/BL4/12.5.2014/146/25.3.2014/17.7.2014 495.00 901 MAN B-538683 1 495.00 English Books
      Non-fiction Sarojini Nagar Sarojini Nagar 13/08/2014 KKP/BL4/12.5.2014/146/25.3.2014/17.7.2014 495.00 901 MAN B-538684 1 495.00 English Books
  Written-off vide DLB M. No. 383 dt 16.05.19   Non-fiction Shahdara Branch Shahdara Branch 13/08/2014 KKP/BL4/12.5.2014/146/25.3.2014/17.7.2014 495.00 901 MAN B-538686 1 495.00 English Books

© Delhi Public Library
Hit Counter
free hit counter